| 000 | 00590nam a22002177a 4500 | ||
|---|---|---|---|
| 003 | OSt | ||
| 005 | 20140310181923.0 | ||
| 008 | 130719t xxu||||| |||| 00| 0 eng d | ||
| 050 |
_aMT 382 _b.V974 1953 |
||
| 082 |
_aTR 788.62 _bV94 1953 |
||
| 100 |
_aVoxman, H. _91937 |
||
| 245 |
_aRubank advanced method : _bclarinet vol. II / _cH. Voxman |
||
| 260 |
_aMiami, Florida : _bRubank, Inc, _cc1953. |
||
| 300 |
_a80 p. : _bill. ; _c30 cm. |
||
| 521 | _aFaculty | ||
| 541 | _j1 | ||
| 562 | _e1 | ||
| 650 |
_aMusic. _91429 |
||
| 650 |
_aClarinet. _91938 |
||
| 942 |
_2lcc _cBK-TR _kTR |
||
| 999 |
_c7063 _d7063 |
||